Les evangiles des dimanches et fêtes de l'année. (Record no. 53469)
[ view plain ]
| 000 -LEADER | |
|---|---|
| campo de control de longitud fija | 00474nam a22001695i 4500 |
| 001 - NÚMERO DE CONTROL | |
| campo de control | 53469 |
| 003 - IDENTIFICADOR DE NÚMERO DE CONTROL | |
| campo de control | ES-MaACL |
| 005 - FECHA Y HORA DE LA ÚLTIMA TRANSACCIÓN | |
| campo de control | 20230906162755.0 |
| 007 - CAMPO FIJO DE DESCRIPCIÓN FÍSICA--INFORMACIÓN GENERAL | |
| campo de control de longitud fija | t| |
| 008 - DATOS DE LONGITUD FIJA--INFORMACIÓN GENERAL | |
| campo de control de longitud fija | 950929s1864 sp ||||1| fre d |
| 040 ## - FUENTE DE CATALOGACIÓN | |
| Centro catalogador/agencia de origen | CAM |
| Lengua de catalogación | spa |
| Centro/agencia transcriptor | CAM |
| 130 0# - ENTRADA PRINCIPAL--TÍTULO UNIFORME | |
| Título uniforme | Biblia. |
| Nombre de parte o sección de la obra | N.T. |
| Lenguaje de la obra | Francés. |
| 9 (RLIN) | 119306 |
| 245 14 - MENCIÓN DEL TÍTULO | |
| Título | Les evangiles des dimanches et fêtes de l'année. |
| 260 ## - PUBLICACIÓN, DISTRIBUCIÓN, ETC. | |
| Lugar de publicación, distribución, etc. | Paris : |
| Nombre del editor, distribuidor, etc. | L. Curmer, |
| Fecha de publicación, distribución, etc. | 1864. |
| 300 ## - DESCRIPCIÓN FÍSICA | |
| Extensión | [1], XLI, 361, [2] h., V p. ; |
| Dimensiones | 29 cm. |
| 852 ## - LOCALIZACIÓN | |
| Ubicación | ES-MaACL |
| Número de control de estantería | R-3352 |
| Estatus retirado | Estado de pérdida | Estado de daño | No para préstamo | Colección | Biblioteca de origen | Biblioteca actual | Ubicación en estantería | Fecha de adquisición | Fuente de adquisición | Total de préstamos | Signatura topográfica completa | Código de barras | Visto por última vez | Precio de reemplazo | Tipo de ítem Koha |
|---|---|---|---|---|---|---|---|---|---|---|---|---|---|---|---|
| Libros del s. XIX | Biblioteca del Ateneo de Madrid | Biblioteca del Ateneo de Madrid | Depósito | 17/01/2008 | R-3352 | 1056184 | 23/02/2023 | 23/02/2023 | Libro impreso antiguo |
